| 000 | 01448cad a22002415a 4500 | ||
|---|---|---|---|
| 001 | L144524 | ||
| 008 | 080725e20080128xxk f v 000 0 eng d | ||
| 035 | _a(Sirsi) u144524 | ||
| 041 | 0 | _aeng | |
| 245 | 0 | 0 |
_aLall and Ors v Transport for London _h[electronic resource] |
| 260 | _c2008 | ||
| 520 | _a[2008] EWLands LCA_102_2006 28 January 2008. Claimants L brought a case for compensation in respect of the impact of a road improvement scheme (building a wall) upon their property against respondent T. T produced evidence that a payment had already been made by the Highways Agency as regards entering the property to maintain the wall and that there was no requirement to issue further compensation. Held: an agreement to acquire the right to enter the land for the purpose of erecting a wall was established with documentary evidence and L had no claim under the Land Compensation Act 1973. | ||
| 590 | _aKA | ||
| 650 | 2 | 4 | _aLALL AND ORS V TRANSPORT FOR LONDON |
| 650 | 2 | 4 | _aCOMPULSORY PURCHASE ACT 1965 S7 |
| 650 | 2 | 4 | _aHIGHWAYS ACT 1980 S250 |
| 650 | 2 | 4 | _aLAND COMPENSATION ACT 1973 |
| 650 | 2 | 4 | _aLANDS CLAUSES CONSOLIDATION ACT 1845 S63 |
| 651 | 4 |
_aEngland and Wales _y1543- |
|
| 690 | _aENVIRONMENTAL AND LAND CONSULTANCY-PLANNING AND DEVELOPMENT-COMPULSORY PURCHASE AND COMPENSATION | ||
| 856 | 4 | 0 |
_uhttps://www.landstribunal.gov.uk/Aspx/view.aspx?id=492 _zView the item free of charge at www.landstribunal.gov.uk... |
| 942 | _n0 | ||
| 999 |
_c80507 _d80507 |
||